000 00301nam a2200133 i 4500
001 bg
100 1 _aPETRUS, J.
245 0 _aAfganistan :
_bzarys dziejów /
_cJ. Petrus.
260 _aWarszawa,
_c1987.
040 _cBPK
041 _apol
942 _cKS
008 s pl f |000 0 pol
999 _c23746
_d23746
856 _uhttp://koha.tu.koszalin.pl/cgi-bin/koha/opac-detail.pl?biblionumber=23746
_yKatalog online BPK